|
|
แสดงรายละเอียดบรรณานุกรม |
|
|
Brief Record
: Get Marc (ISO 2709)
: E-mail record
: |
| LEADER 00000nama 2200000uu 4500 | |||
| 008 040531s|||| th m m a000 0 tha d | |||
| 041 tha | |||
| 050 วจ. WY100 ส237ร 2548. | |||
| 100 สมใจ เจียระพงษ์. | |||
| 245 รายงานวิจัยเรื่อง การวิเคราะห์ต้นทุนการผลิตพยาบาล และต้นทุนการพัฒนาบุคลากร ประจำปีงบประมาณ 2548/ สมใจ เจียระพงษ์, ธรณิศ สายวัฒน์ และสายใจ คำทะเนตร. | |||
| 260 ขอนแก่น. วิทยาลัยพยาบาลบรมราชชนนี ขอนแก่น. 2548. | |||
| 300 32 หน้า. | |||
| 600 1.วิทยาลัยพยาบาลบรมราชชนนี ขอนแก่น. | |||
| 650 1การวิเคราะห์ต้นทุน - - พยาบาล | |||
| 995 004 | |||
| คุณยังไม่ได้ล็อกอิน คุณสามารถมีกิจกรรมร่วมกับเว็บไซต์ได้ แต่ต้องล็อกอินก่อน :: |
|
| สถานะ | |||||||||
| 1. | หนังสือทั่วไป | วจ. WY100 ส237ร 2548. | On Shelf ขอยืม | ||||||
| [แสดง 1/1 รายการ] | |||||||||
| รายการใกล้เคียง ผู้แต่ง [สมใจ เจียระพงษ์.]
|
BibComment |
| คอมเมนท์ทรัพยากรรายการนี้ |
|
|